Normal view
MARC view
Entry Personal Name
001 - CONTROL NUMBER
- control field: 14287
003 - CONTROL NUMBER IDENTIFIER
- control field: OSt
005 - DATE AND TIME OF LATEST TRANSACTION
- control field: 20210525142805.0
008 - FIXED-LENGTH DATA ELEMENTS
- fixed length control field: 210525|| aca||aabn | a|a d
040 ## - CATALOGING SOURCE
- Original cataloging agency: OSt
- Transcribing agency: OSt
100 ## - HEADING--PERSONAL NAME
- Personal name: Eversole, Robyn; McNeish, John-Andrew; Cimadamore,Alberto D.
670 ## - SOURCE DATA FOUND
- Source citation: Work cat.: (OSt)3309: Eversole, Robyn; McNeish, John-Andrew; Cimadamore,Alberto D., Indigenous People and Poverty:, 2005
